[Event "GER GM07-B email"]
[Site "GER email"]
[Date "2018.06.19"]
[Round "?"]
[White "Schwenck, Mathias"]
[Black "Vinchev, Simeon Stefanov"]
[Result "1/2-1/2"]
[WhiteElo "2524"]
[BlackElo "2481"]
[PlyCount "60"]
[EventDate "2018.??.??"]
[EventType "tourn (corr)"]
[EventRounds "13"]
[EventCountry "GER"]
[SourceTitle "Corr 2020"]
[Source "ChessBase"]
[SourceDate "2019.09.30"]
[SourceVersion "1"]
[SourceVersionDate "2019.09.30"]
[SourceQuality "1"]

1. e4 e5 2. Nf3 Nf6 3. Nxe5 d6 4. Nf3 Nxe4 5. Nc3 Nxc3 6. dxc3 Be7 7. Be3 0-0 8. Qd2 Nc6 9. 0-0-0 Ne5 10. Nxe5 dxe5 11. Bd3 Be6 12. Qe2 Qc8 13. Rhg1 Bf5 14. Bxf5 Qxf5 15. Qc4 c6 16. g4 Qf6 17. Rd7 b5 18. Qe4 Rfd8 19. Rgd1 Qe6 20. Rxd8+ Rxd8 21. Rxd8+ Bxd8 22. c4 bxc4 23. Bxa7 h5 24. h3 hxg4 25. hxg4 Kf8 26. b4 cxb3 27. cxb3 g6 28. Bb8 Bg5+ 29. Kc2 Qf6 30. Ba7 Qd6 1/2-1/2

[Event "GER GM07-B email"]
[Site "GER email"]
[Date "2018.06.19"]
[Round "?"]
[White "Vinchev, Simeon Stefanov"]
[Black "Copar, Anton"]
[Result "1/2-1/2"]
[WhiteElo "2481"]
[BlackElo "2527"]
[PlyCount "61"]
[EventDate "2018.??.??"]
[EventType "tourn (corr)"]
[EventRounds "13"]
[EventCountry "GER"]
[SourceTitle "Corr 2020"]
[Source "ChessBase"]
[SourceDate "2019.09.30"]
[SourceVersion "1"]
[SourceVersionDate "2019.09.30"]
[SourceQuality "1"]

1. d4 d5 2. c4 c6 3. Nf3 Nf6 4. Nc3 e6 5. g3 dxc4 6. Bg2 b5 7. Ne5 a6 8. 0-0 Bb7 9. b3 b4 10. Ne4 Nxe4 11. Bxe4 c3 12. a3 a5 13. Qd3 Bd6 14. Bf4 g5 15. Be3 f5 16. Bxf5 Bxe5 17. Bxe6 Qf6 18. axb4 Qxe6 19. dxe5 Ba6 20. Qxc3 Bxe2 21. Rfe1 Bf3 22. Bxg5 0-0 23. Bf6 Bd5 24. Qc1 Qf5 25. Rxa5 Rxa5 26. bxa5 Qf3 27. Qg5+ Kf7 28. Qg7+ Ke6 29. Qe7+ Kf5 30. Qxh7+ Ke6 31. Qe7+ 1/2-1/2

[Event "GER GM07-B email"]
[Site "GER email"]
[Date "2018.06.19"]
[Round "?"]
[White "Vinchev, Simeon Stefanov"]
[Black "Stein, Kurt W"]
[Result "1/2-1/2"]
[WhiteElo "2481"]
[BlackElo "2521"]
[PlyCount "59"]
[EventDate "2018.??.??"]
[EventType "tourn (corr)"]
[EventRounds "13"]
[EventCountry "GER"]
[SourceTitle "Corr 2020"]
[Source "ChessBase"]
[SourceDate "2019.09.30"]
[SourceVersion "1"]
[SourceVersionDate "2019.09.30"]
[SourceQuality "1"]

1. d4 Nf6 2. c4 e6 3. g3 d5 4. Bg2 dxc4 5. Nf3 a6 6. 0-0 Nc6 7. e3 Bd7 8. Qe2 b5 9. Rd1 Bd6 10. b3 cxb3 11. axb3 0-0 12. Bb2 Nb4 13. Ne5 c6 14. e4 a5 15. Nc3 Be8 16. Bc1 Nd7 17. Nxd7 Bxd7 18. e5 Be7 19. Ne4 Nd5 20. h4 Ra7 21. Qg4 Kh8 22. Qh5 Be8 23. Qe2 f5 24. exf6 gxf6 25. Bd2 Bf7 26. Nc5 Bxc5 27. dxc5 e5 28. Qe1 Qd7 29. Rxa5 Rxa5 30. Bxa5 1/2-1/2

[Event "GER GM06-B email"]
[Site "GER email"]
[Date "2017.06.26"]
[Round "?"]
[White "Bubir, Alex Nikolaevich"]
[Black "Vinchev, Simeon Stefanov"]
[Result "1/2-1/2"]
[WhiteElo "2536"]
[BlackElo "2507"]
[PlyCount "34"]
[EventDate "2017.??.??"]
[EventType "tourn (corr)"]
[EventRounds "13"]
[EventCountry "GER"]
[SourceTitle "Corr 2020"]
[Source "ChessBase"]
[SourceDate "2019.09.30"]
[SourceVersion "1"]
[SourceVersionDate "2019.09.30"]
[SourceQuality "1"]

1. d4 d5 2. c4 dxc4 3. e4 e5 4. Nf3 exd4 5. Bxc4 Nc6 6. 0-0 Be6 7. Bb5 Bc5 8. b4 Bb6 9. a4 a6 10. Bxc6+ bxc6 11. a5 Ba7 12. Bb2 Nf6 13. Bxd4 Nxe4 14. Bxa7 Qxd1 15. Rxd1 Rxa7 16. Ne5 Bd5 17. Re1 0-0 1/2-1/2

[Event "GER GM06-B email"]
[Site "GER email"]
[Date "2017.06.26"]
[Round "?"]
[White "Dunlop, Gordon"]
[Black "Vinchev, Simeon Stefanov"]
[Result "1/2-1/2"]
[WhiteElo "2511"]
[BlackElo "2507"]
[PlyCount "47"]
[EventDate "2017.??.??"]
[EventType "tourn (corr)"]
[EventRounds "13"]
[EventCountry "GER"]
[SourceTitle "Corr 2020"]
[Source "ChessBase"]
[SourceDate "2019.09.30"]
[SourceVersion "1"]
[SourceVersionDate "2019.09.30"]
[SourceQuality "1"]

1. e4 e5 2. Nf3 Nf6 3. d4 Nxe4 4. Bd3 d5 5. Nxe5 Nd7 6. Nc3 Nxc3 7. bxc3 Nxe5 8. dxe5 Bc5 9. 0-0 0-0 10. Qh5 g6 11. Qh6 Qe7 12. Bf4 Qe6 13. Rae1 Re8 14. Bg3 Bd7 15. Bh4 Bf8 16. Qd2 Be7 17. Bxe7 Rxe7 18. f4 Rae8 19. h4 Qb6+ 20. Kh2 Qc5 21. Re3 d4 22. cxd4 Qxd4 23. Qe1 h5 24. Qg3 1/2-1/2

[Event "GER GM06-B email"]
[Site "GER email"]
[Date "2017.06.26"]
[Round "?"]
[White "Goncharenko, Georgy"]
[Black "Vinchev, Simeon Stefanov"]
[Result "1/2-1/2"]
[WhiteElo "2493"]
[BlackElo "2507"]
[PlyCount "33"]
[EventDate "2017.??.??"]
[EventType "tourn (corr)"]
[EventRounds "13"]
[EventCountry "GER"]
[SourceTitle "Corr 2020"]
[Source "ChessBase"]
[SourceDate "2019.09.30"]
[SourceVersion "1"]
[SourceVersionDate "2019.09.30"]
[SourceQuality "1"]

1. d4 d5 2. Nf3 Nf6 3. c4 dxc4 4. e3 e6 5. Bxc4 c5 6. 0-0 a6 7. Qe2 b5 8. Bd3 Nbd7 9. a4 c4 10. Bc2 Bb7 11. e4 Be7 12. Bg5 0-0 13. e5 Ne8 14. Be4 Bxe4 15. Qxe4 Nc7 16. h4 h6 17. Bxh6 1/2-1/2

[Event "GER GM05-A email"]
[Site "GER email"]
[Date "2016.06.26"]
[Round "?"]
[White "Staroske, Uwe"]
[Black "Vinchev, Simeon Stefanov"]
[Result "1-0"]
[WhiteElo "2514"]
[BlackElo "2512"]
[PlyCount "67"]
[EventDate "2016.??.??"]
[EventType "tourn (corr)"]
[EventRounds "13"]
[EventCountry "GER"]
[SourceTitle "Corr 2017"]
[Source "ChessBase"]
[SourceDate "2017.09.19"]
[SourceVersion "1"]
[SourceVersionDate "2017.09.19"]
[SourceQuality "1"]

1. e4 e5 2. Nf3 Nf6 3. Nxe5 d6 4. Nf3 Nxe4 5. Nc3 Nxc3 6. dxc3 Be7 7. Be3 0-0 8. Qd2 Nc6 9. 0-0-0 Ne5 10. h4 c6 11. Nxe5 dxe5 12. Bd3 Be6 13. Qe2 Qc7 14. Kb1 b5 15. Bc1 Rad8 16. f3 f5 17. c4 a6 18. Bf4 Bf6 19. Rde1 Qf7 20. Bxe5 Bxe5 21. Qxe5 Bxc4 22. Bxc4 bxc4 23. Rd1 Rd5 24. Rxd5 Qxd5 25. Re1 Qd2 26. Qe6+ Kh8 27. Qe2 Qxe2 28. Rxe2 c3 29. Re6 Rc8 30. bxc3 g6 31. c4 Kg7 32. Kb2 a5 33. Re7+ Kh6 34. Kc3 1-0

[Event "GER GM05-A email"]
[Site "GER email"]
[Date "2016.06.26"]
[Round "?"]
[White "Vinchev, Simeon Stefanov"]
[Black "Moll, Reinhard"]
[Result "1/2-1/2"]
[WhiteElo "2512"]
[BlackElo "2604"]
[PlyCount "28"]
[EventDate "2016.??.??"]
[EventType "tourn (corr)"]
[EventRounds "13"]
[EventCountry "GER"]
[SourceTitle "Corr 2017"]
[Source "ChessBase"]
[SourceDate "2017.09.19"]
[SourceVersion "1"]
[SourceVersionDate "2017.09.19"]
[SourceQuality "1"]

1. d4 d5 2. c4 e6 3. Nf3 Nf6 4. g3 a6 5. Bg2 dxc4 6. 0-0 Nc6 7. Bg5 Be7 8. e3 0-0 9. Nbd2 e5 10. Nxe5 Nxe5 11. dxe5 Ng4 12. Bxe7 Qxe7 13. Nxc4 Nxe5 14. Nxe5 Qxe5 1/2-1/2

[Event "GER GM05-A email"]
[Site "GER email"]
[Date "2016.06.26"]
[Round "?"]
[White "Vinchev, Simeon Stefanov"]
[Black "Tauber, Hans"]
[Result "1/2-1/2"]
[WhiteElo "2512"]
[BlackElo "2528"]
[PlyCount "49"]
[EventDate "2016.??.??"]
[EventType "tourn (corr)"]
[EventRounds "13"]
[EventCountry "GER"]
[SourceTitle "Corr 2017"]
[Source "ChessBase"]
[SourceDate "2017.09.19"]
[SourceVersion "1"]
[SourceVersionDate "2017.09.19"]
[SourceQuality "1"]

1. d4 Nf6 2. c4 e6 3. g3 d5 4. Bg2 Be7 5. Nf3 0-0 6. 0-0 dxc4 7. Qc2 a6 8. Qxc4 b5 9. Qc2 Bb7 10. Bd2 Ra7 11. Rc1 Be4 12. Qb3 Nc6 13. e3 Qa8 14. Qd1 b4 15. Qf1 Bd5 16. Be1 Rc8 17. Nbd2 a5 18. h4 a4 19. g4 Nb8 20. Ne5 c5 21. Ndc4 Nbd7 22. g5 Nxe5 23. Nxe5 Nd7 24. Nd3 cxd4 25. Rxc8+ 1/2-1/2